00697nam a2200229 a 45000010005000000030006000050050017000110080041000280350013000690350019000820400023001010410008001240820020001321000019001522450112001712600044002833000023003275040030003506000051003806500022004316500014004537493UkOxU20211208234426.0880808s1965 enk 000 0 eng  a65-08744 a(OCoLC)2364405 aDLCcYNGdOCLbeng aeng a828.9bHOL 19651 aHotopf, W H N.10aLanguage, thought and comprehension :ba case study of the writings of I. A. Richards /cby W. H. N. Hotopf aLondon :bRoutledge & Kegan Paul,c1965 ax, 349 p. :c23 cm aBibliographical footnotes10aRichards, I. A.q(Ivor Armstrong),d1893-1979. 0aPsycholinguistics 0aCriticism